000 00585nam a2200229Ia 4500
003 OSt
005 20220928142141.0
006 a|||||r|||| 00| 0
007 ta
008 220927b |||||||| |||| 00| 0 eng d
024 _a18549
037 _cTextual
040 _aSDCL
_cSDCL
_beng
041 _2eng
_aeng
082 _aD65151, M5
100 _aFrey Jeffrey
_9502826
245 0 _aMicrowave integrated circuits.
260 _c1985
700 _a Bhasin Kul B
_9502827
942 _hD65151, M5
_cTEXL
_2CC
999 _c820782
_d820782